| 000 | 00648nam a2200205 i 4500 | ||
|---|---|---|---|
| 001 | 71523 | ||
| 003 | ES-MaACL | ||
| 005 | 20230906171144.0 | ||
| 007 | t| | ||
| 008 | 040812s1972 sp ||||1| spa d | ||
| 100 | 1 |
_aGenouel, Ives. _956330 |
|
| 245 | 1 | 3 |
_aLa píldora / _cIves Genouel. |
| 260 |
_aBilbao : _bMensajero, _c[1972] |
||
| 300 |
_a198 p. ; _c18 cm. |
||
| 490 | 1 |
_aColección Bolsillo Mensajero. Sección Divulgación Médica ; _v17 |
|
| 650 |
_aAnticonceptivos. _9168869 |
||
| 830 | 0 |
_aColección Bolsillo Mensajero. Sección Divulgación Médica ; _v17 _9231074 |
|
| 852 |
_aES-MaACL _jC-52695 _bR.82721 |
||
| 999 |
_c71523 _d71523 |
||